| 000 | 00448nam a22001697a 4500 | ||
|---|---|---|---|
| 003 | CEME | ||
| 005 | 20210628205825.0 | ||
| 008 | 210317b xxu||||| |||| 00| 0 eng d | ||
| 040 | _c. | ||
| 082 | _a297 TUF | ||
| 100 |
_aSyed Tufail Ahmed Munglori Tufail Ahmed Munglori, Syed _977149 |
||
| 245 | _aMuslamano ka roshan mustaqbil | ||
| 260 |
_aLAHORE _bHAMAD ALKUTBI _c1995 |
||
| 300 | _a654P | ||
| 650 |
_aISLAM-HISTORY _937202 |
||
| 942 |
_cBK _2ddc |
||
| 999 |
_c582471 _d582471 |
||